Statistics for Hearts of Iron 4 Countries Quiz

Click here to take the quiz!

General Stats

  • This quiz has been taken 1,342 times
  • The average score is 64 of 82

Answer Stats

Answer% Correct
EuropeGermany
96%
EuropeUnited Kingdom
96%
EuropeFrance
95%
EuropeSoviet Union
95%
EuropeSweden
94%
AsiaChina (PRC)
93%
AsiaChina (ROC)
93%
EuropeSpain
93%
North AmericaUnited States
93%
EuropeFinland
92%
EuropeItaly
92%
AsiaJapan
92%
EuropeNorway
92%
EuropePoland
92%
EuropeBelgium
91%
North AmericaCanada
91%
EuropePortugal
91%
EuropeRomania
91%
EuropeDenmark
90%
EuropeGreece
90%
EuropeNetherlands
90%
EuropeAustria
89%
AsiaBritish Raj
89%
AsiaTurkey
89%
EuropeYugoslavia
89%
OceaniaAustralia
88%
South AmericaBrazil
88%
EuropeBulgaria
88%
North AmericaMexico
87%
EuropeEstonia
86%
EuropeHungary
86%
EuropeLatvia
85%
EuropeLithuania
85%
EuropeLuxembourg
85%
South AmericaArgentina
84%
AsiaIran
84%
EuropeSwitzerland
84%
EuropeIreland
83%
EuropeAlbania
82%
EuropeCzechoslovakia
82%
OceaniaNew Zealand
81%
AfricaSouth Africa
81%
South AmericaChile
80%
AsiaIraq
80%
AfricaEthiopia
79%
South AmericaPeru
79%
South AmericaVenezuela
78%
North AmericaPanama
77%
AsiaSaudi Arabia
77%
North AmericaCuba
76%
AfricaLiberia
75%
AsiaMongolia
75%
South AmericaParaguay
75%
South AmericaColombia
74%
North AmericaHonduras
74%
South AmericaUruguay
74%
AsiaYemen
73%
South AmericaBolivia
72%
North AmericaEl Salvador
72%
AsiaSiam
72%
South AmericaEcuador
71%
North AmericaHaiti
71%
AsiaOman
71%
AsiaDutch East Indies
70%
North AmericaCosta Rica
68%
North AmericaGuatemala
68%
AsiaAfghanistan
67%
North AmericaNicaragua
66%
North AmericaDominican Republic
65%
AsiaNepal
65%
AsiaBhutan
64%
AsiaBritish Malaya
64%
AsiaTibet
64%
AsiaSinkiang
56%
AsiaTannu Tuva
56%
AsiaManchukuo
50%
AsiaYunnan
50%
AsiaXibei San Ma
47%
AsiaGuangxi Clique
44%
AsiaShanxi
44%
AsiaPhilippines
41%
AsiaMengkukuo
30%

Score Distribution

Percentile by Number Answered

Percent of People with Each Score

Your Score History

You have not taken this quiz